000 00404cam a22001574a 4500
005 20250605164342.0
008 250528s ||||||||||||||||||||||||d
035 _a23662
040 _aGR-AtMCL
_bgre
_dGR-AtMCL
_eAACR2
245 1 _aMarketing Plan for Armaos Courier/Consulting Project
260 _c2009
700 1 _aCristou Alexandros
_99075
942 _cDS
999 _c8655
_d8655